000 00491nam a22001697a 4500
005 20240614062450.0
008 240614b |||||||| |||| 00| 0 eng d
020 _a0406851360
041 _aEnglish
082 _a349 LAW
100 _lEnglish
245 _aThe All England Law Reports: Reprint
260 _aLondon:
_bButterworth and Co. Publishers Ltd,
_c1980
300 _b1136 pages;
_c25 cm.
650 _aLegal practice
_bLaw
942 _cBK
_6ALISON_BN_VRIES
999 _c1968
_d1968